|
|
|
|
| LEADER |
00745cam a2200205 7i4500 |
| 001 |
0000019342 |
| 005 |
20170218090000.0 |
| 008 |
071205 eng |
| 020 |
|
|
|a 9780130961396
|
| 020 |
|
|
|a 0130961396 (pbk.)
|
| 090 |
0 |
0 |
|a TK5105
|b .B49 2000
|
| 100 |
1 |
|
|a Beyda, William J
|
| 245 |
1 |
0 |
|a Data communications :
|b from basics to broadband
|c William J Beyda.
|
| 250 |
|
|
|a 3rd ed.
|
| 260 |
|
|
|a Upper Saddle River, New Jersey:
|b Prentice Hall,
|c 2000.
|
| 300 |
|
|
|a xv, 330 p.;
|c 24 cm.
|
| 504 |
|
|
|a Includes bibliographical references and index
|
| 650 |
0 |
0 |
|a Data transmission systems
|
| 997 |
|
|
|a Communication, Visual Art & Computing, Faculty
|b Computing, Department
|
| 999 |
|
|
|a 0000023951
|b BOK
|c OPEN SHELF
|e 2nd Floor, Bestari Jaya
|